000
00206nam a2200085 4500
001
1237825
005
20251003123656.0
245
_a
BENİM ÇİÇEKLARİM ATESTE AÇAR
_c
AHMET GÜNBAY YILDIZ
260
_b
TİMAŞ
999
_c
1237825
_d
1237825